Toutes les communes des Côtes-d'Armor sur une carte - Statistiques

Statistiques générales
  • Ce quiz a été pris 1 877 fois
    686 depuis la dernière actualisation
  • Le résultat moyen est 82 sur 344
Réponses sur la Carte
Les réponses sont colorées sur une échelle allant du rouge au vert en fonction du pourcentage des utilisateurs qui les ont devinées à leur premier essai. Vous pouvez retrouver ces pourcentages ci-dessous.
 
Statistiques - réponses
Population Commune % Correct
44 166 Saint-Brieuc
96%
20 451 Lannion
85%
14 682 Dinan
82%
7 115 Guingamp
82%
16 689 Lamballe-Armor
82%
7 142 Paimpol
74%
3 916 Erquy
68%
9 652 Loudéac
68%
14 459 Plérin
67%
7 149 Perros-Guirec
65%
6 412 Le Mené
64%
6 862 Binic-Étables-sur-Mer
62%
7 824 Langueux
62%
377 Île-de-Bréhat
61%
4 069 Pléneuf-Val-André
59%
1 289 Saint-Quay-Perros
58%
3 159 Saint-Quay-Portrieux
58%
4 977 Yffiniac
57%
1 065 Plounévez-Quintin
56%
1 254 Minihy-Tréguier
54%
4 560 Plouha
54%
8 470 Trégueux
54%
2 411 Tréguier
54%
11 487 Ploufragan
53%
4 246 Hillion
51%
2 822 Quintin
51%
1 602 Fréhel
50%
2 549 Trégastel
50%
3 635 Plestin-les-Grèves
49%
7 315 Pordic
49%
3 313 Saint-Cast-le-Guildo
48%
2 910 Broons
45%
430 Grâce-Uzel
45%
2 467 Guerlédan
44%
3 018 Plancoët
44%
4 810 Bégard
43%
2 533 Jugon-les-Lacs - Commune nouvelle
43%
3 132 Rostrenen
41%
3 955 Châtelaudren-Plouagat
40%
1 781 Lanvollon
40%
6 920 Plédran
40%
3 701 Trébeurden
40%
3 956 Beaussais-sur-Mer
39%
752 Moncontour
39%
4 501 Plaintel
38%
3 837 Pleumeur-Bodou
38%
910 Saint-Jacut-de-la-Mer
38%
2 233 Callac
37%
1 466 Maël-Carhaix
37%
3 146 Merdrignac
37%
1 000 Pontrieux
37%
2 671 La Roche-Jaudy
36%
1 704 Matignon
36%
2 753 Pabu
36%
4 108 Plœuc-L'Hermitage
36%
5 405 Ploumagoar
36%
1 532 Lézardrieux
35%
308 Saint-Michel-de-Plélan
35%
453 Saint-Michel-en-Grève
35%
2 125 Bourbriac
34%
2 503 Caulnes
34%
3 239 Plélo
34%
2 241 Saint-Alban
34%
2 187 Trémuson
34%
2 815 Val-d'Arguenon
34%
1 029 Belle-Isle-en-Terre
33%
1 189 Pleumeur-Gautier
32%
750 Plévin
32%
3 868 Quessoy
32%
1 555 Saint-Nicolas-du-Pélem
32%
1 688 Trévé
32%
1 080 Uzel
32%
2 286 Saint-Agathon
31%
668 Saint-Jean-Kerdaniel
31%
1 582 Lancieux
30%
2 434 Plénée-Jugon
30%
3 040 Ploubazlanec
30%
1 148 Andel
29%
4 209 Lanvallay
29%
1 543 Plurien
29%
3 970 Quévert
29%
2 046 Saint-Julien
29%
2 195 Plouaret
28%
2 298 Saint-Brandan
28%
396 Saint-Gilles-les-Bois
28%
304 Saint-Gilles-Pligeaux
28%
342 Saint-Gilles-Vieux-Marché
28%
1 792 Coëtmieux
27%
2 298 Hénon
27%
3 728 Plémet
27%
2 283 Pleubian
27%
2 124 Pommeret
27%
1 516 Cavan
26%
2 223 Corseul
26%
3 086 Louannec
26%
1 591 Plémy
26%
1 463 Plounévez-Moëdec
26%
922 Corlay
25%
2 548 Grâces
25%
1 328 Hénanbihen
25%
1 201 Hénansal
25%
2 146 La Motte
25%
2 328 Louargat
25%
1 917 Plélan-le-Petit
25%
1 635 Plestan
25%
756 Plévenon
25%
3 126 Plouézec
25%
1 160 Plougrescant
25%
2 002 Plouisy
25%
491 Saint-Laurent
25%
1 123 Yvignac-la-Tour
25%
596 Allineuc
24%
1 137 Bobital
24%
1 643 Créhen
24%
210 La Chapelle-Blanche
24%
384 La Chapelle-Neuve
24%
1 112 Plerneuf
24%
3 515 Plouër-sur-Rance
24%
2 429 Plouguenast-Langast
24%
2 521 Taden
24%
1 696 Bréhand
23%
1 744 Lantic
23%
1 856 Pédernec
23%
1 522 Saint-Carreuc
23%
945 Trégomeur
23%
2 899 Trélivan
23%
1 725 Goudelin
22%
819 Pléboulle
22%
1 478 Plédéliac
22%
3 009 Pleudihen-sur-Rance
22%
3 736 Ploubezre
22%
1 158 Plouvara
22%
596 Ruca
22%
897 Trédaniel
22%
1 054 Boqueho
21%
1 783 Évran
21%
886 La Bouillie
21%
1 331 La Méaugon
21%
2 473 Penvénan
21%
1 651 Plumieux
21%
1 061 Quemper-Guézennec
21%
1 778 Rospez
21%
1 447 Saint-Donan
21%
1 201 Tonquédec
21%
403 Trémel
21%
1 522 Trévou-Tréguignec
21%
1 350 Glomel
20%
3 867 Pleslin-Trigavou
20%
2 452 Ploumilliau
20%
2 040 Plourhan
20%
1 117 Prat
20%
387 Saint-André-des-Eaux
20%
311 Saint-Martin-des-Prés
20%
779 Trébry
20%
798 Tréveneuc
20%
1 249 Bon Repos sur Blavet
19%
653 Carnoët
19%
1 074 Kermaria-Sulard
19%
777 Le Vieux-Bourg
19%
2 262 Plourivo
19%
959 Pluzunet
19%
1 457 Trédrez-Locquémeau
19%
779 Yvias
19%
1 182 Bourseul
18%
415 Bulat-Pestivien
18%
561 La Chèze
18%
611 La Malhoure
18%
1 364 Lanrodec
18%
1 403 Le Fœil
18%
1 280 Le Vieux-Marché
18%
644 Moustéru
18%
956 Noyal
18%
1 335 Pléhédel
18%
1 143 Plouëc-du-Trieux
18%
1 367 Plumaudan
18%
1 830 Pommerit-le-Vicomte
18%
1 119 Saint-Caradec
18%
358 Saint-Étienne-du-Gué-de-l'Isle
18%
821 Saint-Pôtan
18%
1 639 Saint-Samson-sur-Rance
18%
1 116 Sévignac
18%
762 Squiffiec
18%
1 094 Tréglamus
18%
633 Tréguidel
18%
920 Aucaleuc
17%
724 Hémonstoir
17%
674 Illifaut
17%
1 099 Lanfains
17%
224 Lanloup
17%
946 Le Merzer
17%
215 Lescouët-Gouarec
17%
428 Merléac
17%
606 Penguily
17%
1 647 Plaine-Haute
17%
934 Pleudaniel
17%
1 721 Plouasne
17%
1 581 Ploulec'h
17%
350 Saint-Adrien
17%
293 Saint-Connan
17%
1 528 Saint-Hélen
17%
1 166 Brusvily
16%
682 Éréac
16%
952 Gouarec
16%
405 Gurunhuel
16%
250 Kerien
16%
402 Lanmodez
16%
645 Le Haut-Corlay
16%
354 Maël-Pestivien
16%
1 383 Pléguien
16%
562 Plésidy
16%
1 610 Plouguernével
16%
1 744 Plouguiel
16%
1 225 Saint-Barnabé
16%
870 Saint-Clet
16%
388 Saint-Hervé
16%
762 Saint-Vran
16%
1 054 Trédarzec
16%
1 242 Trélévern
16%
181 Trémargat
16%
787 Trémeur
16%
345 Canihuel
15%
899 Caouënnec-Lanvézéac
15%
567 Coadout
15%
543 Gomené
15%
288 Kerbors
15%
655 Kerfot
15%
654 Kergrist-Moëlou
15%
454 Landébia
15%
1 424 Landéhen
15%
852 Lanrelas
15%
1 113 La Vicomté-sur-Rance
15%
802 Loguivy-Plougras
15%
84 Magoar
15%
1 222 Ploëzal
15%
743 Plougonver
15%
415 Plougras
15%
1 103 Plumaugat
15%
214 Saint-Fiacre
15%
247 Saint-Gildas
15%
654 Saint-Glen
15%
482 Saint-Jouan-de-l'Isle
15%
383 Saint-Péver
15%
544 Saint-Rieul
15%
1 147 Trémorel
15%
1 257 Vildé-Guingalan
15%
842 Camlez
14%
619 Gausson
14%
554 Gommenec'h
14%
718 Guitté
14%
269 Kerpert
14%
449 Lanrivain
14%
595 Lanvellec
14%
162 Le Bodéo
14%
400 Le Faouët
14%
1 042 Les Champs-Géraux
14%
410 Locarn
14%
69 Loc-Envel
14%
827 Mégrit
14%
682 Paule
14%
787 Plounérin
14%
533 Plufur
14%
479 Saint-Denoual
14%
648 Saint-Juvat
14%
881 Saint-Lormel
14%
398 Saint-Maudan
14%
274 Tréfumel
14%
706 Tressignaux
14%
273 Berhet
13%
495 Bringolo
13%
361 Caurel
13%
436 Kermoroc'h
13%
1 139 Langoat
13%
122 Lanleff
13%
876 La Prénessaye
13%
907 Le Hinglé
13%
567 Le Quillio
13%
236 Mantallot
13%
723 Pludual
13%
360 Quintenic
13%
389 Rouillac
13%
253 Runan
13%
266 Saint-Bihy
13%
223 Saint-Maden
13%
267 Saint-Méloir-des-Bois
13%
180 Saint-Nicodème
13%
510 Saint-Trimoël
13%
695 Tramain
13%
499 Trédias
13%
412 Trégrom
13%
351 Tréméven
13%
737 Calorguen
12%
261 Coatascorn
12%
216 Guenroc
12%
373 La Harmoye
12%
974 Langrolay-sur-Rance
12%
1 149 Languenan
12%
592 Lanmérin
12%
439 Lannebert
12%
247 Lohuec
12%
234 Mérillac
12%
420 Plorec-sur-Arguenon
12%
225 Plouzélambre
12%
546 Plusquellec
12%
615 Pont-Melvez
12%
184 Sainte-Tréphine
12%
565 Saint-Judoce
12%
756 Trébrivan
12%
193 Tréduder
12%
559 Trégonneau
12%
291 Brélidy
11%
227 Calanhel
11%
726 La Landec
11%
737 Laurenan
11%
157 Le Leslay
11%
667 Le Moustoir
11%
347 Le Quiou
11%
328 Plourac'h
11%
480 Plussulien
11%
393 Quemperven
11%
1 077 Saint-Carné
11%
283 Saint-Maudez
11%
466 Saint-Mayeux
11%
410 Saint-Servais
11%
237 Senven-Léhart
11%
215 Trévérec
11%
685 Trévron
11%
353 Trézény
11%
376 Duault
10%
540 Languédias
10%
628 Loscouët-sur-Meu
10%
395 Mellionnec
10%
540 Treffrin
10%
724 Tréméreuc
10%
104 Tréogan
10%
500 Coatréven
9%
363 Cohiniac
9%
175 Landebaëron
9%
172 Peumerit-Quintin
9%
628 Plélauff
9%
260 Saint-Connec
9%
123 Saint-Igeaux
9%
383 Saint-Thélo
9%
430 Trébédan
9%
217 Troguéry
9%
Aucun quiz correspondant
Distribution des résultats
% des personnes avec chaque résultat
Percentile par nombre de réponses
Votre historique - résultats
Vous n’avez pas pris ce quiz depuis la dernière actualisation